000
00325nam a2200133Ia 4500
005
20251222143249.0
008
251222s9999||||xx |||||||||||||| ||spa||
020
_a
958-20-0164-X
082
_a
372.218/F66
100
_a
Florián Borbón, Sandra
245
0
_a
Juegos para Preescolar
264
_b
Magisterio
942
_c
LIB
999
_c
14898
_d
14898